000 01974nam a22001937a 4500
003 OSt
005 20240506095749.0
008 240408s2014 ag ||||| |||| 00| 1 spa d
020 _a9789508453037
040 _cbesoc
100 1 _aIglesia, Cristina
_d1944-
_eautor
245 1 0 _aJusto entonces /
_cCristina Iglesia
260 _aRosario :
_bBeatriz Viterbo :
_bUNR,
_c2014
300 _a90 p.
505 0 _aArabescos -- Cornerstones -- En cuclillas -- Mid City -- Justo entonces -- Baffa's -- Barco naranjero -- Andando -- Transparencias -- Café Rybka -- Mingau de Carimá -- El Español -- Música lenta -- Arcoíris --Enero -- Como antes, ahora -- Aldeas -- Balvanera -- Luces de tormenta -- Sommerbrize -- Gaviotas.-
520 _a"Soy feliz de una manera extraña, material, como si no pudiera dejar de serlo y nada más en el mundo interviniera: solo lluvia, el ventanal y el teclado sabido y también misterioso porque no hay plan, no hay urgencia, solo la sensación de estar allí, a oscuras, escribiendo que las gaviotas sobrevolaron por primera vez en la terraza de mi casa romana un día de mayo en formación imprecisa y vacilante creando un circulo blanco sobre azul todavía pálido de la mañana; que las vi de nuevo por la noche, iluminadas por el resplandor intenso de la fontana produciendo un espectáculo de brillo enloquecido que parecía solo dirigido a mí; que traté de adivinar con cuánta regularidad armarían esa suerte de juego de luz con forma de gaviotas; que decidí no medir esas frecuencias y encontrarme con ellas cuando menos lo esperara; que no hubo otras veces, que nunca repitieron el arco prodigioso, que no volví a pensar en ellas hasta el momento justo en que decidí transformarlas en palabras mientras la lluvia golpea la ventana escondida en Balvanera y la convierte en abrigo seguro frente al mundo y en promesa fluida de escritura" [Nota del editor]
650 4 _aLiteratura argentina
_vRelatos
_ySiglo XXI
942 _2udc
_cOG
_n0
999 _c223
_d223